ر دا ۓ سخن (Record no. 1522)
[ view plain ]
| 000 -LEADER | |
|---|---|
| fixed length control field | 00869 a2200241 4500 |
| 005 - DATE AND TIME OF LATEST TRANSACTION | |
| control field | 20081010104736.0 |
| 008 - FIXED-LENGTH DATA ELEMENTS--GENERAL INFORMATION | |
| fixed length control field | 081010t xxu||||| |||| 00| 0 eng d |
| 010 ## - LCCN (DPL NO) | |
| LC control number | Ur-7268 |
| 020 ## - INTERNATIONAL STANDARD BOOK NUMBER | |
| Terms of availability | 120.00 |
| 035 ## - SYSTEM CONTROL NUMBER | |
| System control number | U-5825 |
| 037 ## - SOURCE OF ACQUISITION | |
| Source of stock number/acquisition | D.B.Act/pub |
| 082 ## - DEWEY DECIMAL CLASSIFICATION NUMBER | |
| Classification number | 841 |
| 100 ## - MAIN ENTRY--PERSONAL NAME | |
| Personal name | عا ر ف آ عظمی |
| 245 ## - TITLE STATEMENT | |
| Title | ر دا ۓ سخن |
| Statement of responsibility, etc | عا رف آعظمی |
| 246 ## - VARYING FORM OF TITLE | |
| Title proper/short title | Rida-E-Sukhan |
| Remainder of title | by Arif Azmi |
| 260 ## - PUBLICATION, DISTRIBUTION, ETC. (IMPRINT) | |
| Place of publication, distribution, etc | ممبئ |
| Name of publisher, distributor, etc | فا ران پبليشر ز |
| Date of publication, distribution, etc | 2006 |
| 270 ## - ADDRESS | |
| Address | مر کز مسجد پا يّپ روڈ کر لا ممبئ |
| City | ميمبئ |
| Postal code | 70 |
| Telephone number | 9322717887 |
| 300 ## - PHYSICAL DESCRIPTION | |
| Extent | 176ص |
| Other physical details | 22 سينٹی ميٹر |
| 650 ## - SUBJECT ADDED ENTRY--TOPICAL TERM | |
| Topical term or geographic name as entry element | شا عر ی |
| 700 ## - ADDED ENTRY--PERSONAL NAME | |
| Personal name | عا ر ف آ عظمی |
| 942 ## - ADDED ENTRY ELEMENTS (KOHA) | |
| Institution code [OBSOLETE] | dpl |
| Item type | Urdu Bks |
| Source of classification or shelving scheme | Dewey Decimal Classification |
| Classification part | 841 |
| Call number suffix | ع ا ر |
| Withdrawn status | Lost status | Source of classification or shelving scheme | Damaged status | Not for loan | Collection code | Home library | Current library | Date acquired | Total Checkouts | Full call number | Barcode | Date last seen | Cost, replacement price | Koha item type |
|---|---|---|---|---|---|---|---|---|---|---|---|---|---|---|
| Dewey Decimal Classification | Not For Loan | Non-fiction | D.B.Act.Division | D.B.Act.Division | 10/10/2008 | 841 ع ا ر | U-5825 | 15/09/2008 | 30.04 | Urdu Bks |
